Is the modification of International auditing and assurance standards board (IAASB) encreasing of the audit quality?

Medzinárodný rámec pre zákazky na uisťovacie služby. Prvky zákazky na uisťovacie služby. Vhodnosť kritérií pri zákazkách na uisťovacie služby. Podmienky zákaziek na uisťovacie služby v kontexte Rámca.

Enregistré dans:
Détails bibliographiques
Auteur principal: Kareš, Ladislav
Format: Chapitre de livre
Langue:slovaque
Sujets:
Tags: Ajouter un tag
Pas de tags, Soyez le premier à ajouter un tag!

MARC

LEADER 00000naa$a2200000$$$4500
001 0222867
005 20240502083553.7
041 0 |a slo 
044 |a CZ 
245 1 0 |a Is the modification of International auditing and assurance standards board (IAASB) encreasing of the audit quality?  |c Ladislav Kareš 
520 |a Medzinárodný rámec pre zákazky na uisťovacie služby. Prvky zákazky na uisťovacie služby. Vhodnosť kritérií pri zákazkách na uisťovacie služby. Podmienky zákaziek na uisťovacie služby v kontexte Rámca. 
610 2 0 |a audit 
610 2 0 |a audítori 
610 2 0 |a zákazky 
610 2 0 |a služby 
610 2 0 |a štandardy audítorské medzinárodné 
100 1 |a Kareš, Ladislav